[Event "SM Number 1"]
[Site "SchemingMind.com"]
[Date "2010.10.14"]
[Round "-"]
[White "MARISCAL"]
[Black "Marc Wakeham"]
[Result "1-0"]
[WhiteCountry "ESP"]
[BlackCountry "WLS"]
[WhiteElo "2283"]
[WhiteRD "106"]
[BlackElo "1674"]
[BlackRD "85"]
[GameID "263738"]

1. e4 d6 2. d4 Nf6 3. Nc3 g6 4. f4 Bg7 5. Nf3 c5 6. Bb5+ Bd7 7. e5 Ng4 8. e6 Bxb5 9. exf7+ Kf8 10. Nxb5 Qa5+
11. Nc3 cxd4 12. Nxd4 Kxf7 13. Qxg4 Bxd4 14. Bd2 Qf5 15. Qe2 Qxc2 16. Qc4+ Kf8 17. Qxd4 Rg8 18. f5 Nc6 19. Bh6+ Kf7 20. Qd5+
1-0

[Event "SM Number 1"]
[Site "SchemingMind.com"]
[Date "2010.10.14"]
[Round "-"]
[White "Marc Wakeham"]
[Black "MARISCAL"]
[Result "0-1"]
[WhiteCountry "WLS"]
[BlackCountry "ESP"]
[WhiteElo "1637"]
[WhiteRD "78"]
[BlackElo "2290"]
[BlackRD "96"]
[GameID "263739"]

1. e4 e6 2. d4 d5 3. Nc3 Nf6 4. Bg5 dxe4 5. f3 exf3 6. Nxf3 Be7 7. Qd2 O-O 8. O-O-O Nbd7 9. d5 Nxd5 10. Nxd5 Bxg5
11. Qxg5 Qxg5+ 12. Nxg5 exd5 13. Bd3 h6 14. Nf3 Nf6 15. Rhf1 c5 16. Be2 Re8 17. Bb5 Re7 18. Rde1 Rxe1+ 19. Rxe1 Be6 20. Be2 Re8
21. Bb5 Re7 22. c3 Ne4 23. Bd3 f5 24. Nd2 Kf7 25. Nxe4 dxe4 26. Bc2 Kf6 27. Rd1 e3 28. Re1 Bd5 29. g3 g5 30. a3 f4
31. gxf4 gxf4 32. Bd3 f3
0-1

[Event "SM Number 1"]
[Site "SchemingMind.com"]
[Date "2010.10.18"]
[Round "-"]
[White "otsenrechess"]
[Black "Marc Wakeham"]
[Result "1-0"]
[WhiteCountry "HUN"]
[BlackCountry "WLS"]
[WhiteElo "2075"]
[WhiteRD "98"]
[BlackElo "1637"]
[BlackRD "78"]
[GameID "264020"]

1. d4 Nf6 2. c4 g6 3. Nc3 d5 4. cxd5 Nxd5 5. e4 Nxc3 6. bxc3 Bg7 7. Bb5+ Bd7 8. Be2 c5 9. Nf3 O-O 10. O-O cxd4
11. cxd4 Nc6 12. Rb1 b6 13. h3 Rc8 14. Ba6 Rc7 15. Bf4 e5 16. dxe5 Be6 17. Qa4 Nb8 18. Rfd1 Qe8 19. Bb5 Qc8 20. Rbc1 Rxc1
21. Rxc1 Qb7 22. Ng5 a6 23. Be2 Bd7 24. Qb3 h6 25. Nxf7 Kh7 26. Nd6 Qa7 27. Be3
1-0

[Event "SM Number 1"]
[Site "SchemingMind.com"]
[Date "2010.10.17"]
[Round "-"]
[White "otsenrechess"]
[Black "MARISCAL"]
[Result "1-0"]
[WhiteCountry "HUN"]
[BlackCountry "ESP"]
[WhiteElo "2200"]
[WhiteRD "83"]
[BlackElo "2217"]
[BlackRD "80"]
[GameID "264021"]

1. e4 e6 2. d4 d5 3. Nc3 Nf6 4. e5 Nfd7 5. f4 c5 6. Nf3 Nc6 7. Be3 cxd4 8. Nxd4 Bc5 9. Qd2 a6 10. g3 O-O
11. Bg2 Nxd4 12. Bxd4 b5 13. Ne2 a5 14. Bxc5 Nxc5 15. Qe3 Qc7 16. O-O Ba6 17. Nd4 b4 18. Rf2 Rfe8 19. f5 exf5 20. Nxf5 Rxe5
21. Qg5 g6 22. Bxd5 Rf8 23. Rd1 Ne4 24. Bxe4 Rxe4 25. Nh6+ Kg7 26. Nf5+ Kg8 27. Qf6 gxf5 28. Qxa6 Qe5 29. Rdf1
1-0

[Event "SM Number 1"]
[Site "SchemingMind.com"]
[Date "2010.10.18"]
[Round "-"]
[White "Marc Wakeham"]
[Black "otsenrechess"]
[Result "0-1"]
[WhiteCountry "WLS"]
[BlackCountry "HUN"]
[WhiteElo "1626"]
[WhiteRD "82"]
[BlackElo "2119"]
[BlackRD "92"]
[GameID "264022"]

1. e4 e6 2. d4 d5 3. Nc3 Bb4 4. Bd2 dxe4 5. Nxe4 Qxd4 6. Nc3 Bxc3 7. Bxc3 Qxd1+ 8. Rxd1 f6 9. Nf3 Nc6 10. Bb5 Ne7
11. O-O e5 12. Rd2 Be6 13. Rfd1 Kf7 14. a3 Rad8 15. Rxd8 Rxd8 16. Rxd8 Nxd8 17. b4 c6 18. Be2 Bf5 19. Ne1 Ne6 20. Bb2 Nd5
21. Bc4 Nb6 22. Bb3 Ke7 23. c4 c5 24. Nf3 Kd6 25. Bd1 Nxc4 26. Bc1 b5 27. Be2 Nd4 28. Nxd4 cxd4
0-1

[Event "SM Number 1"]
[Site "SchemingMind.com"]
[Date "2010.10.17"]
[Round "-"]
[White "MARISCAL"]
[Black "otsenrechess"]
[Result "0-1"]
[WhiteCountry "ESP"]
[BlackCountry "HUN"]
[WhiteElo "2217"]
[WhiteRD "80"]
[BlackElo "2200"]
[BlackRD "83"]
[GameID "264023"]

1. e4 c5 2. c3 Nf6 3. e5 Nd5 4. d4 cxd4 5. Nf3 Nc6 6. Bc4 Nb6 7. Bb3 d5 8. exd6 Qxd6 9. Na3 dxc3 10. Qxd6 exd6
11. Nb5 Rb8 12. bxc3 a6 13. Be3 axb5 14. Bxb6 Ra8 15. O-O Be7 16. Rfe1 O-O 17. Bc7 Bf6 18. Bxd6 Bxc3 19. Ng5 Bf5 20. Bxf8 Kxf8
21. Nxf7 Bxa1 22. Rxa1 Nd4 23. Bd5 Ne2+ 24. Kf1 Nf4 25. Bxb7 Bd3+ 26. Kg1 Ra7 27. Nd6 b4 28. g3 Ne2+ 29. Kg2 b3
0-1

[Event "SM Number 1"]
[Site "SchemingMind.com"]
[Date "2010.10.18"]
[Round "-"]
[White "Mark_Noble"]
[Black "Marc Wakeham"]
[Result "1-0"]
[WhiteCountry "NZL"]
[BlackCountry "WLS"]
[WhiteElo "2008"]
[WhiteRD "133"]
[BlackElo "1674"]
[BlackRD "85"]
[GameID "264034"]

1. e4 d6 2. d4 Nf6 3. Nc3 g6 4. f4 Bg7 5. Nf3 c5 6. Bb5+ Bd7 7. e5 Ng4 8. exd6 Bxb5 9. Nxb5 Qa5+ 10. Nc3 O-O
11. h3 Nf6 12. dxe7 Re8 13. O-O cxd4 14. Nxd4 Nd5 15. Nxd5 Qxd5 16. Nb3 Qxd1 17. Rxd1 Nc6 18. c3 Nxe7 19. Kf2 Rad8 20. Rxd8 Rxd8
21. Be3 b6 22. g4 Nc6 23. Ke2 Bf8 24. a4 Be7 25. a5 b5 26. a6 Rd7 27. Nd4 Nxd4+ 28. Bxd4 Bh4 29. Ra5 Bd8 30. Rxb5 Re7+
31. Re5 Rc7 32. Re8#
1-0

[Event "SM Number 1"]
[Site "SchemingMind.com"]
[Date "2010.10.17"]
[Round "-"]
[White "Mark_Noble"]
[Black "MARISCAL"]
[Result "1-0"]
[WhiteCountry "NZL"]
[BlackCountry "ESP"]
[WhiteElo "2147"]
[WhiteRD "106"]
[BlackElo "2290"]
[BlackRD "96"]
[GameID "264035"]

1. e4 e6 2. d4 d5 3. Nc3 Nf6 4. e5 Nfd7 5. f4 c5 6. Nf3 Nc6 7. Be3 cxd4 8. Nxd4 Bc5 9. Qd2 Nxd4 10. Bxd4 Bxd4
11. Qxd4 Qb6 12. Nb5 Qxd4 13. Nxd4 Ke7 14. h4 f6 15. exf6+ gxf6 16. O-O-O Rg8 17. Rh3 Rg4 18. Re3 Nc5 19. Rc3 b6 20. b4
1-0

[Event "SM Number 1"]
[Site "SchemingMind.com"]
[Date "2010.10.17"]
[Round "-"]
[White "Mark_Noble"]
[Black "otsenrechess"]
[Result "1/2-1/2"]
[WhiteCountry "NZL"]
[BlackCountry "HUN"]
[WhiteElo "2186"]
[WhiteRD "106"]
[BlackElo "2200"]
[BlackRD "83"]
[GameID "264036"]

1. e4 c5 2. Nf3 d6 3. d4 cxd4 4. Nxd4 Nf6 5. Nc3 a6 6. Be3 e5 7. Nb3 Be6 8. f3 Be7 9. Qd2 O-O 10. O-O-O Nbd7
11. g4 b5 12. g5 b4 13. Ne2 Ne8 14. f4 a5 15. f5 a4 16. Nbd4 exd4 17. Nxd4 b3 18. Kb1 bxc2+ 19. Nxc2 Bb3 20. axb3 axb3
21. Na3 Ne5 22. Qg2 Qb8 23. Bf4 Ra4 24. f6 Bd8 25. Bxe5 dxe5 26. Bb5 Rd4 27. Rxd4 exd4 28. Bc4 Nd6 29. Qg3 Qb4 30. Bd3 g6
31. Rc1 Re8 32. e5 Qd2 33. Nc4 Nxc4 34. Bxc4 Qe3 35. Qxe3 dxe3 36. e6 fxe6 37. Rc3 Ba5 38. Rxb3 Bd2 39. Rb7 Rc8 40. Bxe6+ Kh8
41. Bxc8 e2 42. Re7 e1=Q+ 43. Rxe1 Bxe1 44. Kc2 Bh4 45. b4 Bxg5 46. f7 Kg7 47. Be6 Bf4 48. h3 g5 49. Kd3 h5 50. Ke4 Bd6
51. b5 g4 52. hxg4=
1/2-1/2

[Event "SM Number 1"]
[Site "SchemingMind.com"]
[Date "2010.10.18"]
[Round "-"]
[White "Marc Wakeham"]
[Black "Mark_Noble"]
[Result "0-1"]
[WhiteCountry "WLS"]
[BlackCountry "NZL"]
[WhiteElo "1674"]
[WhiteRD "85"]
[BlackElo "2008"]
[BlackRD "133"]
[GameID "264037"]

1. e4 c5 2. c3 Nf6 3. e5 Nd5 4. d4 cxd4 5. Nf3 Nc6 6. Bc4 Nb6 7. Bb3 d5 8. exd6 Qxd6 9. O-O Be6 10. Bxe6 Qxe6
11. Re1 Qd7 12. Na3 dxc3 13. Qxd7+ Nxd7 14. Nb5 O-O-O 15. Nxc3 f6 16. Be3 e5 17. Rac1 Nc5 18. Red1 Nd3 19. Rc2 Bb4 20. Rb1 b6
21. a3 Be7 22. b4 Kb7 23. b5 Na5 24. a4 Rc8 25. Bd2 Rhd8 26. Ra2 Nb4 27. Rab2 Nc4
0-1

[Event "SM Number 1"]
[Site "SchemingMind.com"]
[Date "2010.10.17"]
[Round "-"]
[White "MARISCAL"]
[Black "Mark_Noble"]
[Result "0-1"]
[WhiteCountry "ESP"]
[BlackCountry "NZL"]
[WhiteElo "2217"]
[WhiteRD "80"]
[BlackElo "2186"]
[BlackRD "106"]
[GameID "264038"]

1. e4 c5 2. c3 Nf6 3. e5 Nd5 4. d4 cxd4 5. Nf3 Nc6 6. Bc4 Nb6 7. Bb3 d5 8. exd6 Qxd6 9. O-O Be6 10. Bxe6 Qxe6
11. Nxd4 Nxd4 12. Qxd4 Rd8 13. Qh4 Qe2 14. Be3 Qxb2 15. Nd2 Rxd2 16. Rab1 Qxa2 17. Bxd2 Qxd2 18. Rfd1 Qc2 19. Qf4 f6 20. Qb8+ Kf7
21. Qxb7 g6 22. Qxa7 Nc4 23. Qd4 Nd6 24. Re1 h5 25. Rbc1 Qf5 26. Ra1 h4 27. Ra7 Nb5 28. Qc4+ Kg7 29. g4 hxg3 30. Rexe7+ Bxe7
31. Rxe7+ Kh6 32. hxg3 Kg5 33. f4+ Kh5 34. Kg2 Na3 35. Qb3 Qc2+ 36. Qxc2 Nxc2 37. Kf3 Kh6 38. Re2 Na3 39. Re6 f5 40. g4 Kg7
41. gxf5 gxf5 42. Rc6 Kf7 43. Rc5 Ke6 44. Re5+ Kf6 45. Rc5 Re8 46. Rc6+ Re6 47. Rc8 Nc2 48. Rf8+ Kg6 49. Rg8+ Kf7 50. Rc8 Ne1+
51. Kf2 Nd3+ 52. Kf3 Re4 53. Rc7+ Ke6 54. Rc6+ Ke7 55. Rc7+ Kd6 56. Rf7 Ke6 57. Rf8 Rc4 58. Re8+ Kf7
0-1

[Event "SM Number 1"]
[Site "SchemingMind.com"]
[Date "2010.10.17"]
[Round "-"]
[White "otsenrechess"]
[Black "Mark_Noble"]
[Result "0-1"]
[WhiteCountry "HUN"]
[BlackCountry "NZL"]
[WhiteElo "2243"]
[WhiteRD "78"]
[BlackElo "2216"]
[BlackRD "106"]
[GameID "264039"]

1. e4 c5 2. Nc3 a6 3. Nf3 e6 4. d4 cxd4 5. Nxd4 Qc7 6. Be2 Nc6 7. O-O Nf6 8. Be3 Bb4 9. Na4 Be7 10. Nxc6 bxc6
11. Nb6 Rb8 12. Nxc8 Qxc8 13. Bd4 O-O 14. e5 Nd5 15. c4 Nf4 16. Bf3 Qc7 17. Re1 Ng6 18. c5 f6 19. exf6 Bxf6 20. Be4 Bxd4
21. Qxd4 Nf4 22. Rac1 Qd8 23. b3 a5 24. Rc4 Qg5 25. Kh1 Nd5 26. g3 Qf6 27. Qxf6 Nxf6 28. Bd3 Rb4 29. Kg2 g5 30. Re5 h6
31. h3 Kf7 32. Re3 Ke7 33. Re1 Nd5 34. Ree4 Rfb8 35. Kf3 Rxc4 36. Rxc4 Rb4 37. Rc2 Rd4 38. Bc4 Nb4 39. Re2 Kf6 40. a3 Nd5
41. Re1 Rd2 42. Re2 Rd1 43. Kg4 a4 44. Bxd5 cxd5 45. bxa4 Rc1 46. Kh5 Rxc5 47. Kxh6 d4 48. Rb2 d3 49. Rd2 Rc8 50. Kh5 Kf5
51. Kh6 Rc3 52. a5 Rxa3
0-1

[Event "SM Number 1"]
[Site "SchemingMind.com"]
[Date "2010.10.18"]
[Round "-"]
[White "robin80"]
[Black "Marc Wakeham"]
[Result "0-1"]
[WhiteCountry "POL"]
[BlackCountry "WLS"]
[WhiteElo "1122"]
[WhiteRD "132"]
[BlackElo "1674"]
[BlackRD "85"]
[GameID "264114"]

1. e4 d6 2. d4 Nf6 3. Nc3 g6 4. Be3 Bg7 5. f3 O-O 6. Bg5 c5 7. f4 cxd4 8. Qxd4 Nc6 9. Qa4 Bd7 10. O-O-O a6
11. Nf3 b5 12. Qb4 Nxb4 13. a3 Nc6 14. h3 Qa5 15. a4 b4 16. Nd5 Nxe4 17. Bxe7 Rfe8 18. Bd3 Nf2 19. Bc4 Nxh1 20. Rxh1 Nxe7
21. Nxe7+ Rxe7 22. Rd1 Bc6 23. Rxd6 Bxf3 24. gxf3 Qxa4 25. b3 Qa1+ 26. Kd2 Qe1+
0-1

[Event "SM Number 1"]
[Site "SchemingMind.com"]
[Date "2010.10.18"]
[Round "-"]
[White "robin80"]
[Black "MARISCAL"]
[Result "0-1"]
[WhiteCountry "POL"]
[BlackCountry "ESP"]
[WhiteElo "1122"]
[WhiteRD "132"]
[BlackElo "2283"]
[BlackRD "106"]
[GameID "264115"]

1. d4 Nf6 2. c4 e6 3. Nf3 Bb4+ 4. Bd2 Qe7 5. a3 Bxd2+ 6. Qxd2 d6 7. b4 O-O 8. e3 e5 9. dxe5 dxe5 10. Be2 Rd8
11. Qc2 c5 12. b5 e4 13. Nfd2 Bd7 14. Nxe4 Nxe4 15. Qxe4 Qxe4
0-1

[Event "SM Number 1"]
[Site "SchemingMind.com"]
[Date "2010.10.18"]
[Round "-"]
[White "robin80"]
[Black "otsenrechess"]
[Result "0-1"]
[WhiteCountry "POL"]
[BlackCountry "HUN"]
[WhiteElo "1122"]
[WhiteRD "132"]
[BlackElo "1972"]
[BlackRD "134"]
[GameID "264116"]

1. e4 e6 2. d4 d5 3. Nc3 Bb4 4. e5 c5 5. a3 Bxc3+ 6. bxc3 Ne7 7. Bb5+ Bd7 8. Qe2 Qa5 9. Nf3 Qxc3+ 10. Bd2 Qxa1+
11. Qd1 Qxd1+ 12. Kxd1 Bxb5 13. Re1 c4 14. c3 Ba4+ 15. Ke2 Bc2 16. g4 Bd3+ 17. Kd1 a5 18. Re3 Ra6 19. g5 Rb6 20. Bc1 Nf5
21. Bd2 Nxe3+ 22. Bxe3 Rb3
0-1

[Event "SM Number 1"]
[Site "SchemingMind.com"]
[Date "2010.10.19"]
[Round "-"]
[White "robin80"]
[Black "Mark_Noble"]
[Result "0-1"]
[WhiteCountry "POL"]
[BlackCountry "NZL"]
[WhiteElo "1120"]
[WhiteRD "184"]
[BlackElo "1755"]
[BlackRD "213"]
[GameID "264117"]

1. d4 d5 2. c4 c6 3. Nf3 Nf6 4. Nc3 e6 5. Bg5 dxc4 6. e4 b5 7. e5 h6 8. Bh4 g5 9. Bg3 Nd5 10. h4 Bb4
11. Rc1 gxh4 12. Bxh4 Qa5 13. a3 Bxc3+ 14. bxc3 Qxa3 15. Qd2 Nd7 16. g3 b4 17. cxb4 Qxf3 18. Qc3 Nxc3 19. Rxc3 Qxc3+ 20. Kd1 a5
21. Bg2 axb4 22. Bxc6 Ra2 23. Be4 Qd2#
0-1

[Event "SM Number 1"]
[Site "SchemingMind.com"]
[Date "2010.10.18"]
[Round "-"]
[White "Marc Wakeham"]
[Black "robin80"]
[Result "1-0"]
[WhiteCountry "WLS"]
[BlackCountry "POL"]
[WhiteElo "1674"]
[WhiteRD "85"]
[BlackElo "1122"]
[BlackRD "132"]
[GameID "264118"]

1. e4 d5 2. d4 Nf6 3. Nc3 e6 4. Bg5 h6 5. Bh4 Bb4 6. Qd3 O-O 7. Nf3 dxe4 8. Bxf6 gxf6 9. Qxe4 f5 10. Qd3 Nc6
11. O-O-O a5 12. Ne2 b6 13. Qb5 Qd6 14. Ne5 Ba6 15. Qxc6 Qxc6 16. Nxc6 a4 17. Nxb4 Bb7 18. f3 Rfd8 19. Nc3 c5 20. dxc5 bxc5
21. Nd3 c4 22. Nc5 Bc6 23. Bxc4 Kf8 24. Bxe6 fxe6 25. Nxe6+ Ke7 26. Nd4 Rab8 27. Nxc6+ Ke8 28. Nxd8 Rxd8 29. Rxd8+ Kxd8 30. Re1 Kd7
31. Nxa4
1-0

[Event "SM Number 1"]
[Site "SchemingMind.com"]
[Date "2010.10.18"]
[Round "-"]
[White "MARISCAL"]
[Black "robin80"]
[Result "1-0"]
[WhiteCountry "ESP"]
[BlackCountry "POL"]
[WhiteElo "2283"]
[WhiteRD "106"]
[BlackElo "1122"]
[BlackRD "132"]
[GameID "264119"]

1. e4 d5 2. exd5 Qxd5 3. Nc3 Qa5 4. d4 Nf6 5. Bc4 Bf5 6. Qe2 e6 7. Bd2 Bb4 8. Nf3 O-O 9. a3 Bd6 10. Nd5 Qa4
11. Nxf6+ gxf6 12. Bh6 Re8 13. Bb5 Qxc2 14. Qxc2 Bxc2 15. Bxe8
1-0

[Event "SM Number 1"]
[Site "SchemingMind.com"]
[Date "2010.10.18"]
[Round "-"]
[White "otsenrechess"]
[Black "robin80"]
[Result "1-0"]
[WhiteCountry "HUN"]
[BlackCountry "POL"]
[WhiteElo "1972"]
[WhiteRD "134"]
[BlackElo "1122"]
[BlackRD "132"]
[GameID "264120"]

1. e4 d6 2. d4 Nf6 3. Nc3 g6 4. Nf3 Bg7 5. Be2 Bg4 6. O-O O-O 7. Be3 Bxf3 8. Bxf3 c6 9. a4 e6 10. Qd2 Nbd7
11. Be2 c5 12. a5 b6 13. d5 e5 14. Bg5 h6 15. Bxh6 Bxh6 16. Qxh6 b5 17. Bxb5 a6 18. Bc4 Rb8 19. b3 Rb4 20. Rfe1 Qe7
21. Bxa6 Nb8 22. Bc4 Rxc4 23. bxc4
1-0

[Event "SM Number 1"]
[Site "SchemingMind.com"]
[Date "2010.10.18"]
[Round "-"]
[White "Mark_Noble"]
[Black "robin80"]
[Result "1-0"]
[WhiteCountry "NZL"]
[BlackCountry "POL"]
[WhiteElo "1755"]
[WhiteRD "213"]
[BlackElo "1120"]
[BlackRD "184"]
[GameID "264121"]

1. e4 e5 2. Nf3 Nc6 3. Bc4 Bc5 4. Nc3 d6 5. Na4 Nf6 6. Nxc5 dxc5 7. d3 Qd6 8. h3 O-O 9. Be3 h5 10. O-O b6
11. Nd2 g6 12. f4 exf4 13. Bxf4 Qd4+ 14. Kh1 Re8 15. Bg5 Nh7 16. Bxf7+ Kf8 17. Bxg6+ Kg7 18. Bxh7 Kxh7 19. Qxh5+ Kg7 20. Rf7+ Kg8
21. Qh7#
1-0

[Event "SM Number 1"]
[Site "SchemingMind.com"]
[Date "2010.10.24"]
[Round "-"]
[White "emvarela"]
[Black "Marc Wakeham"]
[Result "1-0"]
[WhiteCountry "ARG"]
[BlackCountry "WLS"]
[WhiteElo "1774"]
[WhiteRD "54"]
[BlackElo "1637"]
[BlackRD "78"]
[GameID "264261"]

1. e4 d6 2. d4 Nf6 3. Nc3 g6 4. f4 Bg7 5. Nf3 c5 6. dxc5 Qa5 7. Bd2 Qxc5 8. h3 O-O 9. Bd3 Nh5 10. g4 Nf6
11. Qe2 Nc6 12. Na4 Nd4 13. Nxc5 Nxe2 14. Kxe2 dxc5 15. e5 Nd5 16. Be4 e6 17. Bxd5 exd5 18. Rhe1 Bd7 19. c3 Bb5+ 20. Kf2 Rfe8
21. Rad1 Rad8 22. b3 b6 23. a4 Bc6 24. f5 d4 25. f6 Bf8 26. cxd4 Bxf3 27. Kxf3 Rxd4 28. Be3 Rdd8 29. Kf4 Rc8 30. Rd7 Ra8
31. Red1 a6 32. Rb7 Rab8 33. Rdd7
1-0

[Event "SM Number 1"]
[Site "SchemingMind.com"]
[Date "2010.10.24"]
[Round "-"]
[White "emvarela"]
[Black "MARISCAL"]
[Result "0-1"]
[WhiteCountry "ARG"]
[BlackCountry "ESP"]
[WhiteElo "1783"]
[WhiteRD "56"]
[BlackElo "2297"]
[BlackRD "85"]
[GameID "264262"]

1. e4 e6 2. d4 d5 3. Nc3 Nf6 4. e5 Nfd7 5. f4 c5 6. Bb5 cxd4 7. Bxd7+ Bxd7 8. Qxd4 Nc6 9. Qd3 d4 10. Nce2 Nb4
11. Qd2 Bc6 12. Nf3 d3 13. cxd3 Nxd3+ 14. Kf1 Bb4 15. Qe3 Nxe5 16. Nd2 Nc4
0-1

[Event "SM Number 1"]
[Site "SchemingMind.com"]
[Date "2010.10.24"]
[Round "-"]
[White "emvarela"]
[Black "otsenrechess"]
[Result "0-1"]
[WhiteCountry "ARG"]
[BlackCountry "HUN"]
[WhiteElo "1797"]
[WhiteRD "61"]
[BlackElo "2200"]
[BlackRD "83"]
[GameID "264263"]

1. e4 c6 2. d4 d5 3. Nc3 dxe4 4. Nxe4 Nd7 5. Nf3 Ngf6 6. Nxf6+ Nxf6 7. Be3 Bg4 8. h3 Bh5 9. Be2 e6 10. Ne5 Bxe2
11. Qxe2 Bd6 12. O-O-O Nd5 13. Qg4 O-O 14. Bh6 Qf6 15. Bf4 Qxf4+
0-1

[Event "SM Number 1"]
[Site "SchemingMind.com"]
[Date "2010.10.24"]
[Round "-"]
[White "emvarela"]
[Black "Mark_Noble"]
[Result "0-1"]
[WhiteCountry "ARG"]
[BlackCountry "NZL"]
[WhiteElo "1774"]
[WhiteRD "54"]
[BlackElo "2147"]
[BlackRD "106"]
[GameID "264264"]

1. e4 c5 2. Nf3 d6 3. d4 cxd4 4. Nxd4 Nf6 5. Nc3 a6 6. Be3 e5 7. Nf3 Qc7 8. Bd3 Be7 9. O-O O-O 10. Nd5 Nxd5
11. exd5 f5 12. Ng5 e4 13. Be2 f4 14. Nxe4 fxe3 15. fxe3 Rxf1+ 16. Bxf1 Nd7 17. Bd3 Qb6 18. Qc1 Ne5 19. b3 Nxd3 20. cxd3 Bf5
21. Qd2 Re8 22. Re1 Qb5 23. Nf2 Bg5 24. Ne4 Bxe4 25. dxe4 Rxe4 26. Qc3 Qxd5 27. Qc8+ Kf7 28. Rf1+ Kg6
0-1

[Event "SM Number 1"]
[Site "SchemingMind.com"]
[Date "2010.10.24"]
[Round "-"]
[White "emvarela"]
[Black "robin80"]
[Result "1-0"]
[WhiteCountry "ARG"]
[BlackCountry "POL"]
[WhiteElo "1783"]
[WhiteRD "56"]
[BlackElo "1292"]
[BlackRD "133"]
[GameID "264265"]

1. e4 e5 2. Nf3 Nf6 3. d4 Nxe4 4. Bd3 f5 5. Nxe5 d6 6. Qh5+ g6 7. Nxg6 hxg6 8. Qxh8 Nd7 9. O-O c5 10. dxc5 Ndxc5
11. Re1 b6 12. Bxe4 Nxe4 13. Bh6 Qe7 14. Qxf8+ Kd7 15. Qxe7+
1-0

[Event "SM Number 1"]
[Site "SchemingMind.com"]
[Date "2010.10.24"]
[Round "-"]
[White "Marc Wakeham"]
[Black "emvarela"]
[Result "0-1"]
[WhiteCountry "WLS"]
[BlackCountry "ARG"]
[WhiteElo "1637"]
[WhiteRD "78"]
[BlackElo "1774"]
[BlackRD "54"]
[GameID "264266"]

1. e4 e5 2. Nf3 Nc6 3. d4 exd4 4. c3 dxc3 5. Nxc3 Bb4 6. Qb3 Bxc3+ 7. Qxc3 Qf6 8. Bd2 Qxc3 9. Bxc3 f6 10. Bb5 Nge7
11. O-O a6 12. Ba4 b5 13. Bb3 d6 14. Rac1 Bb7 15. Rfe1 Kd7 16. Nd4 Nxd4 17. Bxd4 c5 18. Be3 Rhe8 19. f3 c4 20. Bc2 Nc6
21. Bf2 Ne5 22. Bd4 d5 23. b3 dxe4 24. Bxe4 Bxe4 25. fxe4 Nd3
0-1

[Event "SM Number 1"]
[Site "SchemingMind.com"]
[Date "2010.10.24"]
[Round "-"]
[White "MARISCAL"]
[Black "emvarela"]
[Result "1-0"]
[WhiteCountry "ESP"]
[BlackCountry "ARG"]
[WhiteElo "2297"]
[WhiteRD "85"]
[BlackElo "1783"]
[BlackRD "56"]
[GameID "264267"]

1. e4 e5 2. Nf3 Nc6 3. Bb5 a6 4. Bxc6 dxc6 5. O-O Bd6 6. d4 exd4 7. Nxd4 Qh4 8. e5 Bxe5 9. Nf3 Bxh2+ 10. Nxh2 Nf6
11. Nf3 Qh5 12. Re1+ Be6 13. Ng5 Qxd1 14. Rxd1 Ke7 15. b3 h6 16. Ba3+ Ke8 17. Nxe6 fxe6 18. Nd2 Kf7 19. Nc4 Rhd8 20. Na5 Rd5
21. Nxb7 Ne4 22. c4 Rf5 23. Rd7+ Kg6 24. Re1 Nc3 25. Rxe6+ Rf6 26. Re3
1-0

[Event "SM Number 1"]
[Site "SchemingMind.com"]
[Date "2010.10.24"]
[Round "-"]
[White "otsenrechess"]
[Black "emvarela"]
[Result "1-0"]
[WhiteCountry "HUN"]
[BlackCountry "ARG"]
[WhiteElo "2256"]
[WhiteRD "82"]
[BlackElo "1800"]
[BlackRD "49"]
[GameID "264268"]

1. e4 e5 2. Nf3 Nc6 3. Bb5 a6 4. Bxc6 dxc6 5. O-O Bg4 6. h3 Bxf3 7. Qxf3 Qf6 8. Qg3 Bd6 9. d4 Ne7 10. f4 exf4
11. Qd3 O-O-O 12. e5 Bxe5 13. dxe5 Qxe5 14. Bxf4 Qc5+ 15. Qe3 Qxe3+ 16. Bxe3 Nd5 17. Bd2 f6 18. Re1 Rhe8 19. Rxe8 Rxe8 20. Nc3 Nxc3
21. Bxc3 b5 22. Kf2 c5 23. a3 Kb7 24. Re1 Rxe1 25. Bxe1 Kc6 26. Ke3 Kd5 27. g4 g6 28. Bc3 Ke6 29. Ke4 h6 30. Ba5 c6
31. h4 h5 32. gxh5 gxh5 33. Bb6 f5+ 34. Kf4 c4 35. c3 Kf6 36. Bd4+ Ke6 37. Kg5
1-0

[Event "SM Number 1"]
[Site "SchemingMind.com"]
[Date "2010.10.24"]
[Round "-"]
[White "Mark_Noble"]
[Black "emvarela"]
[Result "1-0"]
[WhiteCountry "NZL"]
[BlackCountry "ARG"]
[WhiteElo "2147"]
[WhiteRD "106"]
[BlackElo "1774"]
[BlackRD "54"]
[GameID "264269"]

1. e4 e5 2. Nf3 Nc6 3. Bc4 Bc5 4. Nc3 h6 5. O-O d6 6. Na4 Nf6 7. Nxc5 dxc5 8. Bb5 Bd7 9. d3 Qe7 10. Bxc6 Bxc6
11. b3 O-O-O 12. Bb2 Nd7 13. a4 a5 14. Nd2 g5 15. Nc4 b6 16. c3 Nf6 17. f3 Nd7 18. Ne3 h5 19. Qc2 Rdg8 20. b4 axb4
21. cxb4 Bb7 22. a5 cxb4 23. axb6 Nxb6 24. Nf5 Qe6 25. Rfc1 c6 26. Qc5 Kc7 27. Bxe5+
1-0

[Event "SM Number 1"]
[Site "SchemingMind.com"]
[Date "2010.10.24"]
[Round "-"]
[White "robin80"]
[Black "emvarela"]
[Result "0-1"]
[WhiteCountry "POL"]
[BlackCountry "ARG"]
[WhiteElo "1292"]
[WhiteRD "133"]
[BlackElo "1783"]
[BlackRD "56"]
[GameID "264270"]

1. c4 e5 2. Nc3 f5 3. d4 e4 4. e3 Nf6 5. Nge2 c6 6. c5 d6 7. Nf4 dxc5 8. dxc5 Qxd1+ 9. Nxd1 Bxc5 10. Nc3 Ke7
11. f3 exf3 12. gxf3 g5 13. Nd3 Na6 14. Bh3 Bb4 15. Bxf5 Bxf5 16. a3 Bxc3+
0-1

[Event "SM Number 1"]
[Site "SchemingMind.com"]
[Date "2010.10.24"]
[Round "-"]
[White "kwabena"]
[Black "Marc Wakeham"]
[Result "1/2-1/2"]
[WhiteCountry "ENG"]
[BlackCountry "WLS"]
[WhiteElo "1525"]
[WhiteRD "74"]
[BlackElo "1674"]
[BlackRD "85"]
[GameID "264677"]

1. d4 Nf6 2. h3 g6 3. Bf4 Bg7 4. e3 O-O 5. Nf3 d6 6. Be2 c5 7. c3 cxd4 8. cxd4 Qa5+ 9. Nc3 Ne4 10. Qc2 Nxc3
11. Qxc3 Qxc3+ 12. bxc3 Bf5 13. O-O Nc6 14. Nh4 Bd7 15. Rab1 b6 16. Nf3 Rac8 17. Rb2 Be6 18. Ng5 Bd7 19. Bf3 Na5 20. Rc2 Nc4
21. Be2 Rc7 22. Rb1 Na3 23. Rbb2 Nxc2 24. Rxc2 Rfc8 25. Ba6 Rb8 26. Ne4 Bc6 27. Nd2 Bb7 28. Bb5 Rbc8 29. Nb1 a6 30. Ba4 b5
31. Bb3 Be4 32. Rc1 Bxb1 33. Rxb1 Rxc3 34. Rb2 e5 35. dxe5 dxe5 36. Bg3 e4 37. Rd2 Rd3 38. Re2 Rcd8 39. Rc2 Rc3 40. Re2 a5
41. Bh4 Rd7 42. f3 exf3 43. gxf3 a4 44. Bc2 Rdc7 45. Be4 f5 46. Bd5+ Kf8 47. Bg3 Rc1+ 48. Kg2 R7c2 49. Bd6+ Ke8 50. Kf2 Kd7
51. Ba3 Rxe2+ 52. Kxe2 Rh1 53. f4 Rxh3 54. Bc5 h6 55. Bf7 g5 56. fxg5 hxg5 57. Bg6 Ke6 58. Be8 Kd5 59. Bb4 Kc4 60. a3 Kd5
61. Bxb5 g4 62. Kf2 g3+ 63. Kg2 Rh2+ 64. Kxg3 Be5+ 65. Kf3 Rh3+ 66. Kf2 Ke4 67. Bc6+ Kd3 68. Bb5+ Ke4 69. Bc6+ Kd3 70. Bb5+=
1/2-1/2

[Event "SM Number 1"]
[Site "SchemingMind.com"]
[Date "2010.10.24"]
[Round "-"]
[White "kwabena"]
[Black "Mark_Noble"]
[Result "0-1"]
[WhiteCountry "ENG"]
[BlackCountry "NZL"]
[WhiteElo "1525"]
[WhiteRD "74"]
[BlackElo "2008"]
[BlackRD "133"]
[GameID "264682"]

1. d4 d5 2. h3 Nf6 3. Bf4 c5 4. c3 cxd4 5. cxd4 Qb6 6. Bc1 e5 7. dxe5 Ne4 8. e3 Bb4+ 9. Bd2 d4 10. Qa4+ Nc6
11. Bxb4 dxe3 12. f3 Qxb4+ 13. Qxb4 Nxb4 14. Bb5+ Bd7 15. Bxd7+ Kxd7 16. Na3 Ng3 17. Rh2 Rhd8 18. Ne2 Nd3+ 19. Kd1 Nxb2+ 20. Ke1 Nd3+
21. Kd1 Nf5 22. Kc2 Ke6 23. f4 Rac8+ 24. Kb3 Nd4+ 25. Nxd4+ Rxd4 26. f5+ Kxe5 27. Nc2 Nc5+ 28. Ka3 Rd3+ 29. Kb4 Na6+ 30. Ka4 Rxc2
31. h4 Rc4+ 32. Kb5 Rb4+ 33. Ka5 Ra3#
0-1